01234nas a2200373 4500001001300000003000900013005001700022007000300039008003400042040005400076041000900130072000800139100001800147100002200165100002800187100002100215100001600236100002100252100002100273100002900294245007300323650001000396650001500406650001400421650002700435650002600462650002700488650001900515773009400534909004000628942001800668999001900686952015500705BR2014005681BR-BrBNA20231205124511.0ta230509b bl.|||p| |||| 00| 00por d aBR-BrBNAbporcBiblioteca Nacional de Agricultura a(En) aF301 aMarinho, C.D.1 aGravina, G. de A.1 aSebastião, L.C. de A.1 aAlmeida, N.C. de1 aDaher, R.F.1 aBrasileiro, B.P.1 aPaula, T.O.M. de1 aAmaral Júnior, A.T. do1 aIndexes in the comparison of pre-commercial genotypes of common bean aVAGEM aGENÓTIPO aVARIEDADE aSELEÇÃO GENÉTICA aANÁLISE COMPARATIVA aMÉTODO ESTATÍSTICO aRIO DE JANEIRO0 tCiência Rural (Brazil)xISSN 0103-8478g(Jul 2014), v. 44(7) p. 1159-1165wBR2014005681 a202311bLúciac55dLúcia Elande 2AGRISn0cANA c239394d239394 002AGRIS4071a41918b41918cPeriódicos Agrícolash(Jul 2014), v. 44(7) p. 1159-1165l0r2023-11-29t01yCRePortaria Interministerial nº 164/94